00553 2200217 4500245005800000020002200058250001100080100001800091700002000109700001600129650001500145650001000160005001900170260005700189041001400246084000800260300002700268336000900295337001000304338002100314 aMatematika untuk SMA/SMK Kelas XcDicky SusantohText a978-602-244-526-5 aCet. 1 aDicky Susanto aTheja Kurniawan aTri Hartini aMatematika aEbook a20230616072357 aJakartabKementerian Pendidikan dan Kebudayaanc2021 aIndonesia a510 axviii, 270 hlm. :cPDF atext aother aother (computer)